Byzantine war ideology between Roman imperial concept and Christian religion : (Record no. 328011)
[ view plain ]
| 000 -LEADER | |
|---|---|
| fixed length control field | 01626nam a2200373 a 4500 |
| 001 - CONTROL NUMBER | |
| control field | 000988063 |
| 003 - CONTROL NUMBER IDENTIFIER | |
| control field | AM-YeHGA |
| 005 - DATE AND TIME OF LATEST TRANSACTION | |
| control field | 20250617150304.0 |
| 008 - FIXED-LENGTH DATA ELEMENTS--GENERAL INFORMATION | |
| fixed length control field | 131017s2012 au r 000 0 eng d |
| 020 ## - INTERNATIONAL STANDARD BOOK NUMBER | |
| International Standard Book Number | 9783700173076 |
| 040 ## - CATALOGING SOURCE | |
| Original cataloging agency | AM-YeHGA |
| 041 0# - LANGUAGE CODE | |
| Language code of text/sound track or separate title | eng |
| 090 ## - LOCALLY ASSIGNED LC-TYPE CALL NUMBER (OCLC); LOCAL CALL NUMBER (RLIN) | |
| -- | 329764 |
| 245 00 - TITLE STATEMENT | |
| Title | Byzantine war ideology between Roman imperial concept and Christian religion : |
| Remainder of title | Akten des Internationalen Symposiums (Wien, 19.-21. Mai 2011) / |
| Statement of responsibility, etc. | Edited by Johannes Koder und Ioannis Stouraitis. |
| 260 ## - PUBLICATION, DISTRIBUTION, ETC. | |
| Place of publication, distribution, etc. | Wien : |
| Name of publisher, distributor, etc. | Verlag der Österreichischen Akademie der Wissenschaften, |
| Date of publication, distribution, etc. | 2012. |
| 300 ## - PHYSICAL DESCRIPTION | |
| Extent | 137 p. ; |
| Dimensions | 30 cm. |
| 490 1# - SERIES STATEMENT | |
| Series statement | Denkschriften / Österreichische Akademie der Wissenschaften. Philosophisch-Historische Klasse |
| Volume/sequential designation | Bd. 452 |
| 490 1# - SERIES STATEMENT | |
| Series statement | Veröffentlichungen zur Byzanzforschung |
| Volume/sequential designation | Bd. 30 |
| 500 ## - GENERAL NOTE | |
| General note | International conference proceedings |
| 504 ## - BIBLIOGRAPHY, ETC. NOTE | |
| Bibliography, etc. note | Includes bibliogr. references :( p. 133-134) and index |
| 650 14 - SUBJECT ADDED ENTRY--TOPICAL TERM | |
| Topical term or geographic name entry element | Theological anthropology |
| General subdivision | Christianity |
| -- | History of doctrines |
| 650 14 - SUBJECT ADDED ENTRY--TOPICAL TERM | |
| Topical term or geographic name entry element | Christian sociology |
| General subdivision | Hiostory |
| 650 14 - SUBJECT ADDED ENTRY--TOPICAL TERM | |
| Topical term or geographic name entry element | Christian literature |
| General subdivision | History and criticism |
| 650 14 - SUBJECT ADDED ENTRY--TOPICAL TERM | |
| Topical term or geographic name entry element | Latin literature |
| General subdivision | History and criticism |
| 650 14 - SUBJECT ADDED ENTRY--TOPICAL TERM | |
| Topical term or geographic name entry element | Civilization |
| General subdivision | Roman influences |
| 651 #4 - SUBJECT ADDED ENTRY--GEOGRAPHIC NAME | |
| Geographic name | Byzantine Empire |
| General subdivision | History, Military |
| 651 #4 - SUBJECT ADDED ENTRY--GEOGRAPHIC NAME | |
| Geographic name | Rome |
| General subdivision | Religion |
| 651 #4 - SUBJECT ADDED ENTRY--GEOGRAPHIC NAME | |
| Geographic name | Rome |
| General subdivision | History |
| 651 #4 - SUBJECT ADDED ENTRY--GEOGRAPHIC NAME | |
| Geographic name | Rome |
| General subdivision | Politics and government |
| 700 1# - ADDED ENTRY--PERSONAL NAME | |
| Personal name | Koder,Johannes |
| Relationship | edt |
| 700 1# - ADDED ENTRY--PERSONAL NAME | |
| Personal name | Stouraitis, Joannis |
| Relationship | edt |
| 830 #0 - SERIES ADDED ENTRY--UNIFORM TITLE | |
| Uniform title | Denkschriften (Österreichische Akademie der Wissenschaften. Philosophisch-Historische Klasse) |
| Volume/sequential designation | Bd. 542 |
| 830 #0 - SERIES ADDED ENTRY--UNIFORM TITLE | |
| Uniform title | Veröffentlichungen zur Byzanzforschung |
| Volume/sequential designation | Bd. 30 |
| Withdrawn status | Lost status | Damaged status | Not for loan | Collection | Home library | Current library | Date acquired | Cost, normal purchase price | Shelving control number | Total checkouts | Full call number | Barcode | Date last seen | Price effective from | Koha item type | Public note |
|---|---|---|---|---|---|---|---|---|---|---|---|---|---|---|---|---|
| General | Fundamental Scientific Library | Fundamental Scientific Library | 09/01/2017 | 4000.00 | ПИ 1517/452 | FL0256640 | 09/01/2017 | 09/01/2017 | Գրքեր / Books | 30 Days Loan |
ՀՀ Գիտությունների ազգային ակադեմիայի հիմնարար գիտական գրադարան = Fundamental Scientific Library of NAS RA
All site content, except where otherwise noted, is licensed under a